Aónikenk -tehuelches : Los dueños del viento /
Los primeros tehuelches en la Patagonia. El origen del cacicazgo tehuelche, sus formas de vida Y sus creencias. El violento encuentro con el blanco. El caso Inakayal Y la lucha por la restitución de sus restos a Tecka, su pueblo natal. La vida, hoy, en una reserva tehuelche en Santa Cruz.
Guardado en:
| Autor Principal: | |
|---|---|
| Autor Corporativo: | |
| Formato: | |
| Publicado: |
Argentina,
2007
|
| Series: | Pueblos Originarios I
|
| Materias: | |
| Acceso en línea: | https://www.educ.ar/recursos/50513/aonikenk-tehuelches-los-duenos-del-viento |
| Etiquetas: |
Agregar Etiqueta
Sin Etiquetas, Sea el primero en etiquetar este registro!
|
| LEADER | 01232ngm a22003135g 4500 | ||
|---|---|---|---|
| 001 | CEM.cems023988 | ||
| 008 | 130507s2007##################0###0#####d | ||
| 005 | 20250804183251.0 | ||
| 245 | 1 | 0 | |a Aónikenk -tehuelches : |b Los dueños del viento / |c Julián Rousso. |
| 260 | |a Argentina, |c 2007 | ||
| 300 | |a 28'. | ||
| 490 | 0 | |a Pueblos Originarios I | |
| 538 | |a Soporte: DVD - Grabación DRD | ||
| 520 | |a Los primeros tehuelches en la Patagonia. El origen del cacicazgo tehuelche, sus formas de vida Y sus creencias. El violento encuentro con el blanco. El caso Inakayal Y la lucha por la restitución de sus restos a Tecka, su pueblo natal. La vida, hoy, en una reserva tehuelche en Santa Cruz. | ||
| 500 | |a Consultar en ventanilla. | ||
| 100 | 1 | |a Rousso, Julián | |
| 710 | 2 | |a Canal Encuentro. | |
| 082 | 3 | 0 | |/ ROU-1 |
| 653 | |a SOCIEDAD | ||
| 653 | |a PUEBLOS ORIGINARIOS | ||
| 653 | |a ABORIGENES | ||
| 653 | |a INDIGENAS | ||
| 653 | |a INDIGENISMO | ||
| 653 | |a ETNIAS | ||
| 653 | |a TEHUELCHES | ||
| 653 | |a PATAGONIA | ||
| 653 | |a SERIE DE TELEVISIÓN | ||
| 856 | |u https://www.educ.ar/recursos/50513/aonikenk-tehuelches-los-duenos-del-viento | ||
| 859 | |a CEMS |b BIB. CEMS - Depto. Recursos Didacticos |h 301 |i ROU-1 |k DRD |p 2631.16 |t Ej.1 | ||
